GROUP THEORY AND ITS APPLICATIONS IN CHEMISTRY (Record no. 217029)

MARC details
000 -LEADER
fixed length control field 00564nam a22001937a 4500
008 - FIXED-LENGTH DATA ELEMENTS--GENERAL INFORMATION
fixed length control field 260420b |||||||| |||| 00| 0 eng d
020 ## - INTERNATIONAL STANDARD BOOK NUMBER
International Standard Book Number 978-81-203-5134-9
050 ## - LIBRARY OF CONGRESS CALL NUMBER
Classification number QD 462 .K86 2025
100 ## - MAIN ENTRY--PERSONAL NAME
Personal name KUNJU, A SALAHUDDIN.
245 ## - TITLE STATEMENT
Title GROUP THEORY AND ITS APPLICATIONS IN CHEMISTRY
250 ## - EDITION STATEMENT
Edition statement 2ND
260 ## - PUBLICATION, DISTRIBUTION, ETC.
Place of publication, distribution, etc. DELHI,
Name of publisher, distributor, etc. PHI LEARNING PRIVATE LIMITED,
Date of publication, distribution, etc. 2025
300 ## - PHYSICAL DESCRIPTION
Extent XIV, 222 P., ILL
500 ## - GENERAL NOTE
General note INCLUDES INDEX.
650 ## - SUBJECT ADDED ENTRY
Topical term or geographic name entry element GROUP THEORY 2. CHEMISTRY - MATHEMATICS
700 ## - ADDED ENTRY--PERSONAL NAME
Personal name KRISHNAN, G.
942 ## - ADDED ENTRY ELEMENTS (KOHA)
Source of classification or shelving scheme Library of Congress Classification
Koha item type Long Loan Book
Holdings
Withdrawn status Lost status Source of classification or shelving scheme Damaged status Not for loan Collection Home library Current library Shelving location Date acquired Inventory number Total checkouts Full call number Barcode Date last seen Copy number Price effective from Koha item type
    Library of Congress Classification     Science & Technology Kisii University Library Kisii University Library On Display 04/20/2026 113076   QD 462 .K86 2025 a001908 04/20/2026 1 04/20/2026 Long Loan Book
    Library of Congress Classification     Science & Technology Kisii University Library Kisii University Library On Display 04/20/2026 113077   QD 462 .K86 2025 a001907 04/20/2026 2 04/20/2026 Long Loan Book
    Library of Congress Classification     Science & Technology Kisii University Library Kisii University Library On Display 04/20/2026 113078   QD 462 .K86 2025 a001910 04/20/2026 3 04/20/2026 Long Loan Book
    Library of Congress Classification     Science & Technology Kisii University Library Kisii University Library On Display 04/20/2026 113079   QD 462 .K86 2025 a001909 04/20/2026 4 04/20/2026 Long Loan Book